Polyfunkčný areál s bývaním v Lisabone, Portugalsko

Enregistré dans:
Détails bibliographiques
Auteur principal: Puškáčová, Lucia (Auteur)
Autres auteurs: Alexy, Andrej (Directeur de thèse)
Format: Manuscrit Livre
Langue:slovaque
Publié: Bratislava 2023
Sujets:
Accès en ligne:http://is.stuba.sk/zp/portal_zp.pl?podrobnosti=165551
Tags: Ajouter un tag
Pas de tags, Soyez le premier à ajouter un tag!

MARC

LEADER 00000ntm a22000003a 4500
001 stuzp93918
003 SK-STU
005 20231013094922.4
007 ta
008 150427s2015----xo-----f-mn---000-0-slo-d
040 |a STU  |b slo 
041 0 |a slo 
100 1 |a Puškáčová, Lucia  |u 054140  |4 aut  |U FAD Fakulta architektúry a dizajnu  |T FAD Ústav konštrukcií v architektúre a inžinierskych stavieb  |X 82418  |U A4140  |Y 395  |7 82418 
242 0 1 |a Multifunctional complex with housing in Lisbon, Portugal  |y eng 
245 1 0 |a Polyfunkčný areál s bývaním v Lisabone, Portugalsko 
260 |c 2023  |a Bratislava 
650 4 |a polyfunkčný objekt  |2 slo 
650 4 |a coliving  |2 slo 
650 4 |a Lisabon  |2 slo 
650 4 |a multifunctional complex  |2 eng 
650 4 |a coliving  |2 eng 
650 4 |a Lisabon  |2 eng 
700 1 |a Alexy, Andrej  |u 054140  |k Z8  |4 ths  |U FAD Fakulta architektúry a dizajnu  |T FAD Ústav konštrukcií v architektúre a inžinierskych stavieb  |X 4185  |U A4140  |Y 395  |7 A000004185 
856 4 |u http://is.stuba.sk/zp/portal_zp.pl?podrobnosti=165551  |u https://opac.crzp.sk/?fn=detailBiblioForm&sid=1755732D0F093F437BA634EAC795